| 000 | 00437 a2200133 4500 | ||
|---|---|---|---|
| 020 | _a0471635057 | ||
| 082 | _a624.171 SCH | ||
| 100 | _aSchiff, Daniel, | ||
| 245 |
_aDynamic analysis and failure modes of simple structures / _cDaniel Schiff. |
||
| 260 |
_aNew York : _bWiley, _c1990. |
||
| 300 |
_axiv, 354 p. : _bill. ; _c25 cm. |
||
| 650 | _aStructural dynamics. | ||
| 650 | _aStructural analysis (Engineering) | ||
| 650 |
_aStructural stability _xMathematical models. |
||
| 999 |
_c1220 _d1220 |
||